Anxious Christians (Record no. 17593)

MARC details
000 -LEADER
fixed length control field 00601nam a2200229 a 4500
020 ## - INTERNATIONAL STANDARD BOOK NUMBER
ISBN 9780281055074
082 00 - DEWEY DECIMAL CLASSIFICATION NUMBER
Classification number 201.615
Author Cutter RED
100 ## - MAIN ENTRY--AUTHOR NAME
Author name Redgrave, Kenneth
245 ## - TITLE STATEMENT
Title Anxious Christians
Sub title Psychological Problems and Christian Faith
260 ## - PUBLICATION, DISTRIBUTION, ETC. (IMPRINT)
Place of publication London
Name of publisher SPCK
Year of publication 2002
300 ## - PHYSICAL DESCRIPTION
Number of Pages 179p
500 ## - GENERAL NOTE
General note includes index and biblioraphy
650 ## - SUBJECT ADDED ENTRY--TOPICAL TERM
Topical Term Psychology-Religious
942 ## - ADDED ENTRY ELEMENTS (KOHA)
Koha item type Books
700 1# -
-- Redgrave, Kenneth
Holdings
Collection code Home library Current library Date acquired Cost, normal purchase price Full call number Accession Number Koha item type
  Henry Martyn Institute Library Henry Martyn Institute Library 02/09/2010 100.00 201.615 RED 11002132 Books
                   Copyright © 2026 | Henry Martyn Institute | Hyderabad | TS-500052 | INDIA | Implemented by hmi.edu.in
Hit-Count:

Powered by Koha